000
00342nam a2200145Ia 4500
008
090124s9999 xx 000 0 und d
082
_b
135076
245
_a
फुलवा
250
_a
1
260
_b
पाटील दशरथ
_c
2007
300
_a
249
630
_a
फुलवा
730
_a
फुलवा
942
_c
BOOK
999
_c
199949
_d
199949